Náhlenie za spoločnou menou : koruna alebo euro ?
Kladné stránky zavedenia spoločnej meny. Zväčšenie priestoru obehu eura a zníženie kurzových rizík a transakčných nákladov. Presadzovanie myšlienky monetárnej politiky. Európska menová únia riadená centrálnou bankou. Možné riziká centralizácie európskeho kontinentu. Východisko - zavedenie eura ako p...
Na minha lista:
| Autor principal: | |
|---|---|
| Formato: | Capítulo de Livro |
| Idioma: | eslovaco |
| Assuntos: | |
| Tags: |
Sem tags, seja o primeiro a adicionar uma tag!
|
MARC
| LEADER | 00000naa$a2200000$$$4500 | ||
|---|---|---|---|
| 001 | 0020820 | ||
| 005 | 20230926070728.1 | ||
| 041 | 0 | |a slo | |
| 044 | |a SK | ||
| 245 | 1 | 0 | |a Náhlenie za spoločnou menou : koruna alebo euro ? |c Dalibor Roháč |
| 520 | |a Kladné stránky zavedenia spoločnej meny. Zväčšenie priestoru obehu eura a zníženie kurzových rizík a transakčných nákladov. Presadzovanie myšlienky monetárnej politiky. Európska menová únia riadená centrálnou bankou. Možné riziká centralizácie európskeho kontinentu. Východisko - zavedenie eura ako paralelnej meny k slovenskej korune. | ||
| 610 | 2 | 0 | |a spolupráca hospodárska medzinárodná |
| 610 | 2 | 0 | |a politika medzinárodná |
| 610 | 2 | 0 | |a politika menová |
| 610 | 2 | 0 | |a únie menové |
| 610 | 2 | 0 | |a euro |
| 610 | 2 | 0 | |a eurozóna |
| 610 | 2 | 0 | |a Slovensko |
| 610 | 2 | 0 | |a Európska únia |
| 100 | 1 | |a Roháč, Dalibor | |